[Event "Barbera del Valles"]
[Site "XXXI Open del Valles"]
[Date "2008.07.12"]
[Round "8"]
[White "Palacios Pena, Gerardo"]
[Black "Sanchez Romero, Miguel Angel"]
[Result "0-1"]
[WhiteElo "2034"]
[BlackElo "2259"]
[PlyCount "64"]
[EventDate "2008.07.??"]
[EventType "swiss"]
[EventRounds "9"]
[EventCountry "ESP"]
[SourceDate "2008.07.04"]

1. d4 Nf6 2. Nf3 d5 3. Bf4 c5 4. c3 Nc6 5. e3 Qb6 6. Qb3 c4 7. Qxb6 axb6 8.
Nbd2 b5 9. Ne5 b4 10. Nxc6 bxc6 11. cxb4 e6 12. a3 Bxb4 13. O-O-O Be7 14. f3
Bd7 15. Nb1 c5 16. Nc3 cxd4 17. exd4 O-O 18. g4 Rfc8 19. Be2 Ne8 20. Rd2 Nd6
21. Bd1 Nb7 22. Bc2 Na5 23. Re1 Bf8 24. h4 Ra6 25. Rg2 Rb6 26. g5 Nb3+ 27. Bxb3
Rxb3 28. Rc2 Rc6 29. Re3 Ra6 30. Nb1 Bd6 31. Bxd6 Rxe3 32. Be5 Re1+ 0-1

[Event "Barbera del Valles"]
[Site "XXXI Open del Valles"]
[Date "2008.07.12"]
[Round "8"]
[White "Losada Cabrera, Francisco Javier"]
[Black "Ridameya Tatche, Jose Miguel"]
[Result "1-0"]
[WhiteElo "2165"]
[BlackElo "2133"]
[PlyCount "133"]
[EventDate "2008.07.??"]
[EventType "swiss"]
[EventRounds "9"]
[EventCountry "ESP"]
[SourceDate "2008.07.04"]

1. e4 e5 2. Nf3 Nc6 3. Bb5 a6 4. Bxc6 dxc6 5. d4 exd4 6. Qxd4 Qxd4 7. Nxd4 Bd7
8. Be3 Nf6 9. Nd2 O-O-O 10. f3 Re8 11. O-O-O c5 12. Ne2 Bc6 13. g4 Nd7 14. Ng3
g6 15. Bf4 Ne5 16. Rhe1 Bd6 $11 17. Ne2 Bb5 18. Bg3 h5 19. gxh5 gxh5 20. Nc3
Bc6 21. f4 Ng6 22. e5 h4 23. exd6 hxg3 24. hxg3 Rxe1 25. d7+ Kxd7 26. Rxe1 Rh1
27. Rxh1 Bxh1 28. Nde4 b6 29. Kd2 Ne7 30. g4 Nc6 31. Nf2 Bg2 32. Nce4 Nb4 33.
a3 Nd5 34. f5 c4 35. g5 Ke7 36. Nc3 Kd6 37. Nxd5 Kxd5 38. g6 fxg6 39. fxg6 Ke6
40. Ng4 Bh3 41. Ne3 b5 42. Kc3 c5 43. a4 Kf6 44. Nd5+ Kg7 45. Nc7 bxa4 46. Nxa6
Kxg6 47. Nxc5 Bf1 48. Nxa4 Kf5 49. Nb6 Ke5 50. Nxc4+ Ke6 51. Kb4 Be2 52. Kc5
Kd7 53. b4 Kc7 54. b5 Bf3 55. b6+ Kb8 56. Nd6 Bg2 57. Kd4 Bf3 58. c4 Bg2 59.
Kc5 Bf1 60. Kb4 Be2 61. c5 Bf3 62. Kb5 Be2+ 63. Nc4 Bf3 64. c6 Be2 65. Kc5 Ka8
66. Nd6 Bg4 67. c7 1-0

[Event "Barbera del Valles"]
[Site "XXXI Open del Valles"]
[Date "2008.07.12"]
[Round "8"]
[White "Moreto Quintana, Alex"]
[Black "Albets Armengol, Roland"]
[Result "1-0"]
[WhiteElo "2124"]
[BlackElo "1979"]
[PlyCount "137"]
[EventDate "2008.07.??"]
[EventType "swiss"]
[EventRounds "9"]
[EventCountry "ESP"]
[SourceDate "2008.07.04"]

1. d4 Nf6 2. c4 c5 3. Nf3 cxd4 4. Nxd4 e5 5. Nc2 d5 6. cxd5 Qxd5 7. Qxd5 Nxd5
8. e4 Nf6 9. Nc3 Be7 10. Nb5 Na6 11. f3 O-O 12. Be3 Bc5 13. Nc7 Nxc7 14. Bxc5
Rd8 15. Rd1 Rxd1+ 16. Kxd1 Be6 17. b3 b6 18. Ba3 Nfe8 19. g4 Nd6 20. g5 Rd8 21.
Kc1 Ndb5 22. Bb2 f6 23. h4 Kf7 24. Rg1 Bd7 25. Bc4+ Be6 26. Be2 Bd7 27. Rd1 Ke8
28. gxf6 gxf6 29. a4 Nd4 30. Nxd4 exd4 31. Bxd4 Ke7 32. Bb2 Ne6 33. Ba3+ Nc5
34. Rd5 Be6 35. Rh5 Bg8 36. Bxc5+ bxc5 37. Kc2 Kd6 38. Bc4 Bxc4 39. bxc4 Rd7
40. Rd5+ Kc6 41. Rf5 Rd6 42. Rh5 Rd7 43. Rh6 Kb6 44. Rxf6+ Ka5 45. Kc3 Rd1 46.
Rf7 Rc1+ 47. Kb3 Rb1+ 48. Kc2 Rf1 49. e5 Re1 50. f4 Re4 51. Rxa7+ Kb6 52. Rf7
Rxc4+ 53. Kd2 Re4 54. Kd3 Rd4+ 55. Kc3 Re4 56. Rf6+ Kc7 57. a5 Re3+ 58. Kd2 Re4
59. Kd3 Rd4+ 60. Kc3 Kb7 61. a6+ Ka7 62. h5 Re4 63. h6 Re3+ 64. Kd2 Re4 65. Kd3
Rd4+ 66. Ke3 Rc4 67. e6 Rc1 68. f5 c4 69. Kd2 1-0

[Event "Barbera del Valles"]
[Site "XXXI Open del Valles"]
[Date "2008.07.12"]
[Round "8"]
[White "Ortega Serra, Marc"]
[Black "Companyo Pagerols, Josep Maria"]
[Result "0-1"]
[WhiteElo "1974"]
[BlackElo "2090"]
[PlyCount "124"]
[EventDate "2008.07.??"]
[EventType "swiss"]
[EventRounds "9"]
[EventCountry "ESP"]
[SourceDate "2008.07.04"]

1. d4 e6 2. c4 f5 3. e4 fxe4 4. Nc3 Nf6 5. Bg5 Bb4 6. f3 exf3 7. Nxf3 O-O 8.
Bd3 c5 9. Qc2 h6 10. Bh7+ Kh8 11. h4 Nc6 12. O-O-O Bxc3 13. bxc3 Qc7 14. Bg6 d6
15. Qd2 Ng8 16. dxc5 dxc5 17. Qe3 b6 18. Bd3 e5 19. Rde1 Bf5 20. Bxf5 Rxf5 21.
g4 Rff8 22. Qe2 Rae8 23. Bd2 e4 24. Ng5 Nf6 25. Kb1 Ne5 26. Bf4 Qe7 27. Nxe4
Nxc4 28. Qxc4 Nxe4 29. Be3 Qe6 30. Qxe6 Rxe6 31. Kc2 Rfe8 32. Bd2 Nxd2 33. Rxe6
Rxe6 34. Kxd2 Re4 35. g5 Kh7 36. gxh6 Kxh6 37. Kc2 g6 38. Kb3 b5 39. Rd1 Rxh4
40. Rd7 Ra4 41. Rd5 c4+ 42. Kb2 Ra5 43. Rd6 Kh5 44. Rd5+ g5 45. Rd6 Kh4 46.
Rh6+ Kg3 47. a3 g4 48. Rf6 Kh2 49. Rh6+ Kg2 50. Rd6 g3 51. Rd2+ Kh3 52. Rd6 g2
53. Rh6+ Kg3 54. Rg6+ Kf2 55. Rf6+ Kg1 56. Rg6 Ra4 57. Rd6 Ra5 58. Rg6 b4 59.
cxb4 Rf5 60. Kc3 Rf3+ 61. Kxc4 Rxa3 62. Kb5 Kf2 0-1

[Event "Barbera del Valles"]
[Site "XXXI Open del Valles"]
[Date "2008.07.13"]
[Round "9"]
[White "Czakon, Jakub"]
[Black "Bruzon Batista, Lazaro"]
[Result "1/2-1/2"]
[WhiteElo "2510"]
[BlackElo "2592"]
[PlyCount "36"]
[EventDate "2008.07.??"]
[EventType "swiss"]
[EventRounds "9"]
[EventCountry "ESP"]
[SourceDate "2008.07.04"]

1. d4 Nf6 2. c4 e6 3. Nf3 d5 4. Nc3 Nbd7 5. cxd5 exd5 6. Bg5 c6 7. e3 Be7 8.
Bd3 Nh5 9. Bxe7 Qxe7 10. O-O O-O 11. Qc2 g6 12. Rab1 Nb6 13. b4 a6 14. a4 Be6
15. Nd2 Ng7 16. a5 Nc8 17. Na4 Bf5 18. Bxf5 Nxf5 1/2-1/2

[Event "Barbera del Valles"]
[Site "XXXI Open del Valles"]
[Date "2008.07.13"]
[Round "9"]
[White "Pap, Misa"]
[Black "Corrales Jimenez, Fidel"]
[Result "0-1"]
[WhiteElo "2495"]
[BlackElo "2504"]
[PlyCount "88"]
[EventDate "2008.07.??"]
[EventType "swiss"]
[EventRounds "9"]
[EventCountry "ESP"]
[SourceDate "2008.07.04"]

1. e4 c5 2. c3 Nf6 3. e5 Nd5 4. Nf3 Nc6 5. d4 cxd4 6. cxd4 d6 7. Bc4 Nb6 8. Bb5
dxe5 9. Nxe5 Bd7 10. Nxd7 Qxd7 11. O-O e6 12. Nc3 Be7 13. Qg4 O-O 14. Bxc6 bxc6
15. Bh6 Bf6 16. Rfd1 Kh8 17. Ne4 Rg8 18. Bg5 Be7 19. Bxe7 Qxe7 20. Qh5 h6 21.
Rac1 Rgd8 22. Rxc6 Rd5 23. Qf3 Rad8 24. h3 Rxd4 25. Rxd4 Rxd4 26. Ng3 Nd5 27.
Nh5 g6 28. Ng3 Kg7 29. a3 h5 30. b4 Rf4 31. Qe2 Qf6 32. Rc1 Rd4 33. Qc2 Rf4 34.
Ne4 Qe5 35. Nc5 Rd4 36. Rd1 Nf4 37. Rxd4 Qxd4 38. Qe4 Qd1+ 39. Kh2 Ne2 40. Qe5+
Kh7 41. h4 Qg1+ 42. Kh3 Qxf2 43. Nd3 Ng1+ 44. Kh2 Nf3+ 0-1

[Event "Barbera del Valles"]
[Site "XXXI Open del Valles"]
[Date "2008.07.13"]
[Round "9"]
[White "Fluvia Poyatos, Jordi"]
[Black "Gonzalez Vidal, Yuri"]
[Result "1/2-1/2"]
[WhiteElo "2500"]
[BlackElo "2464"]
[PlyCount "197"]
[EventDate "2008.07.??"]
[EventType "swiss"]
[EventRounds "9"]
[EventCountry "ESP"]
[SourceDate "2008.07.04"]

1. e4 e5 2. Nf3 Nc6 3. Bb5 a6 4. Ba4 Nf6 5. O-O Be7 6. Re1 b5 7. Bb3 d6 8. c3
O-O 9. d4 Bg4 10. Be3 d5 11. dxe5 Nxe5 12. exd5 Nxf3+ 13. gxf3 Bh5 14. Bf4 Re8
15. Bg3 Qd7 16. c4 Bb4 17. Rxe8+ Rxe8 18. Nc3 Bxc3 19. bxc3 Ne4 20. Qd3 Ng5 21.
f4 Nf3+ 22. Kh1 Ne1 23. Qf1 Be2 24. Qxe1 Bf3+ 25. Kg1 Rxe1+ 26. Rxe1 g6 27. Re3
bxc4 28. Bxc4 Bxd5 29. Bxa6 Bxa2 30. Be2 Be6 31. h4 h5 32. Bf3 Bf5 33. Kh2 Kg7
34. Bg2 Qd2 35. Bf3 Kf8 36. Bh1 c5 37. Bc6 c4 38. Re8+ Kg7 39. Re3 Bd3 40. f5
Bxf5 41. Kg2 Bd7 42. Bf3 Bg4 43. Bc6 Bd7 44. Bf3 Qc2 45. Bd5 Qf5 46. Bxc4 f6
47. Bd3 Qh3+ 48. Kg1 Bc6 49. Be4 Bxe4 50. Rxe4 Qf5 51. Rf4 Qb1+ 52. Kg2 Qd3 53.
Kh2 Qxc3 54. Ra4 Qc5 55. Re4 Kf7 56. Ra4 Ke6 57. Re4+ Kd7 58. Rf4 Qc3 59. Re4
Kc6 60. Ra4 Kd5 61. Rf4 Qb2 62. Ra4 Qb6 63. Rf4 Qc6 64. Rb4 Ke6 65. Rf4 g5 66.
Rb4 Kf5 67. Rd4 Qc1 68. Rb4 Qc6 69. Rd4 Qb5 70. Kg1 Qb6 71. Ra4 Qc6 72. Rd4 Qc3
73. Ra4 Ke6 74. hxg5 fxg5 75. Re4+ Kf5 76. Re3 Qa1+ 77. Kg2 Qd4 78. Rf3+ Kg6
79. Re3 Qd5+ 80. Kh2 Kf5 81. Ra3 h4 82. Re3 Kg4 83. Bxh4 gxh4 84. Rh3 Qa2 85.
Kg2 Qa8+ 86. Kh2 Qa6 87. Kg2 Qc6+ 88. Kh2 Qc4 89. Kg2 Kg5 90. Re3 Qg4+ 91. Kh2
Qd1 92. Kg2 Kf4 93. Rh3 Kg4 94. Re3 Qd2 95. Rh3 Qh6 96. Kh2 Qh8 97. Kg2 Kg5 98.
Kh2 Qh5 99. Kg2 1/2-1/2

[Event "Barbera del Valles"]
[Site "XXXI Open del Valles"]
[Date "2008.07.13"]
[Round "9"]
[White "Perez Mitjans, Orelvis"]
[Black "Barsov, Alexei"]
[Result "0-1"]
[WhiteElo "2441"]
[BlackElo "2481"]
[PlyCount "78"]
[EventDate "2008.07.??"]
[EventType "swiss"]
[EventRounds "9"]
[EventCountry "ESP"]
[SourceDate "2008.07.04"]

1. e4 e6 2. Qe2 c5 3. g3 Nc6 4. c3 g6 5. Bg2 Bg7 6. Nf3 Nge7 7. h4 h6 8. d3 d6
9. Be3 e5 10. Nbd2 Be6 11. a4 b6 12. h5 g5 13. Nh2 d5 14. f4 d4 15. cxd4 exf4
16. gxf4 gxf4 17. Bxf4 Nxd4 18. Qd1 Nd5 19. exd5 Qh4+ 20. Kf1 Qxf4+ 21. Nhf3
Nf5 22. Qe1 Ne3+ 23. Kg1 Rg8 24. dxe6 Bd4 25. Rh4 Nxg2+ 26. Kh1 Nxh4 27. exf7+
Kxf7 28. Qxh4 Qxh4+ 29. Nxh4 Rg5 30. Rf1+ Ke6 31. Ndf3 Rxh5 32. Nxd4+ cxd4 33.
Rf4 Ke5 34. Re4+ Kd5 35. Kg2 Rg5+ 36. Kf2 Rf8+ 37. Ke2 Rg3 38. b4 h5 39. Re7
Rf4 0-1

[Event "Barbera del Valles"]
[Site "XXXI Open del Valles"]
[Date "2008.07.13"]
[Round "9"]
[White "Narciso Dublan, Marc"]
[Black "Canal Oliveras, Joan"]
[Result "1/2-1/2"]
[WhiteElo "2525"]
[BlackElo "2241"]
[PlyCount "98"]
[EventDate "2008.07.??"]
[EventType "swiss"]
[EventRounds "9"]
[EventCountry "ESP"]
[SourceDate "2008.07.04"]

1. c4 f5 2. g3 Nf6 3. Bg2 e6 4. Nf3 d5 5. O-O c6 6. b3 a5 7. Nc3 Bd6 8. d4 O-O
9. Bf4 Bxf4 10. gxf4 Ne4 11. Na4 Kh8 12. Nb2 Nd7 13. Nd3 g5 14. Qc1 Rg8 15.
fxg5 Nxg5 16. Nxg5 Qxg5 17. Qxg5 Rxg5 18. Rac1 Nf6 19. Ne5 Rg7 20. Kh1 Bd7 21.
cxd5 exd5 22. Nxd7 Rxd7 23. Bh3 Ng4 24. Bxg4 fxg4 25. Kg2 Re7 26. e3 Kg7 27.
Rh1 Re6 28. h3 gxh3+ 29. Rxh3 Rg6+ 30. Rg3 Rxg3+ 31. Kxg3 Kg6 32. f3 Re8 33.
Kf2 h5 34. Rc5 Ra8 35. e4 dxe4 36. fxe4 h4 37. Kg2 a4 $11 38. Kh3 axb3 39. axb3
Re8 40. d5 Rxe4 41. dxc6 bxc6 42. Rxc6+ Kf5 43. Rb6 Ke5 44. b4 Kd5 45. Rb8 Re3+
46. Kxh4 Rb3 47. b5 Kc5 48. b6 Rxb6 49. Rxb6 Kxb6 1/2-1/2

[Event "Barbera del Valles"]
[Site "XXXI Open del Valles"]
[Date "2008.07.13"]
[Round "9"]
[White "Matnadze, Ana"]
[Black "Tsatsalashvili, Keti"]
[Result "0-1"]
[WhiteElo "2411"]
[BlackElo "2271"]
[PlyCount "68"]
[EventDate "2008.07.??"]
[EventType "swiss"]
[EventRounds "9"]
[EventCountry "ESP"]
[SourceDate "2008.07.04"]

1. d4 Nf6 2. c4 e6 3. g3 d5 4. Bg2 Bb4+ 5. Bd2 Be7 6. Nf3 O-O 7. O-O c6 8. Qc2
b6 9. Bf4 Bb7 10. Nc3 dxc4 11. e4 Nbd7 12. a4 a6 13. Rfd1 Qc8 14. e5 Nd5 15.
Ne4 Nxf4 16. gxf4 b5 17. Nfg5 g6 18. Qc3 h6 19. Nf3 Nb6 20. Nfd2 Rd8 21. Qh3
Rxd4 22. axb5 axb5 23. Qe3 c5 24. f5 exf5 25. Nf6+ Bxf6 26. exf6 Bxg2 27. Kxg2
f4 28. Qe2 Qc6+ 29. Nf3 Re8 30. Qc2 Nd7 31. Re1 Ne5 32. Ra3 Re6 33. Rea1 Nxf3
34. Rxf3 Rd3 0-1

[Event "Barbera del Valles"]
[Site "XXXI Open del Valles"]
[Date "2008.07.13"]
[Round "9"]
[White "Guramishvili, Sopiko"]
[Black "Rojas, Luis"]
[Result "0-1"]
[WhiteElo "2302"]
[BlackElo "2406"]
[PlyCount "86"]
[EventDate "2008.07.??"]
[EventType "swiss"]
[EventRounds "9"]
[EventCountry "ESP"]
[SourceDate "2008.07.04"]

1. d4 Nf6 2. c4 e6 3. Nf3 c5 4. d5 d6 5. Nc3 exd5 6. cxd5 a6 7. a4 g6 8. h3 Qe7
9. Nd2 Bh6 10. Nc4 Bxc1 11. Qxc1 Nbd7 12. g3 O-O 13. Bg2 Ne5 14. Ne3 Nh5 15.
O-O f5 16. f4 Nf7 17. Kh2 Bd7 18. Nc2 b5 19. axb5 axb5 20. b4 Rxa1 21. Qxa1 Rc8
22. Rb1 g5 23. Bf3 g4 24. hxg4 fxg4 25. Bg2 cxb4 26. Rxb4 Qf6 27. Ne4 Qh6 28.
Qb2 Nxf4+ 29. Kg1 Nxe2+ 30. Kf2 Nc3 31. Ne3 Ne5 32. Qd2 Rf8+ 33. Kg1 Nxe4 34.
Rxe4 Nf3+ 35. Bxf3 Rxf3 36. Qe1 Qg5 37. Kg2 h5 38. Kg1 Rf7 39. Qa5 h4 40. Qe1
h3 41. Kh2 Re7 42. Nf1 Qxd5 43. Nd2 Bf5 0-1

[Event "Barbera del Valles"]
[Site "XXXI Open del Valles"]
[Date "2008.07.13"]
[Round "9"]
[White "Vilela, Jose Luis"]
[Black "Asis Gargatagli, Hipolit"]
[Result "0-1"]
[WhiteElo "2347"]
[BlackElo "2396"]
[PlyCount "46"]
[EventDate "2008.07.??"]
[EventType "swiss"]
[EventRounds "9"]
[EventCountry "ESP"]
[SourceDate "2008.07.04"]

1. d4 d5 2. c4 Nc6 3. cxd5 Qxd5 4. e3 e5 5. Nc3 Bb4 6. Bd2 Bxc3 7. Bxc3 exd4 8.
Ne2 Nf6 9. Nxd4 O-O 10. Nb5 Qg5 11. Nxc7 Bg4 12. Qb3 Rad8 13. Qxb7 Rd6 14. h3
Rb8 15. Qa6 Bh5 16. Qa4 Rc8 17. Nb5 Re6 18. Bd4 Rce8 19. g4 Bg6 20. Bg2 Nxd4
21. Nxd4 Rxe3+ 22. Kf1 Bd3+ 23. Kg1 Re1+ 0-1

[Event "Barbera del Valles"]
[Site "XXXI Open del Valles"]
[Date "2008.07.13"]
[Round "9"]
[White "Cuartas, Jaime Alexander"]
[Black "Debray, Tristan"]
[Result "1-0"]
[WhiteElo "2495"]
[BlackElo "2145"]
[PlyCount "53"]
[EventDate "2008.07.??"]
[EventType "swiss"]
[EventRounds "9"]
[EventCountry "ESP"]
[SourceDate "2008.07.04"]

1. e4 d5 2. exd5 Qxd5 3. Nc3 Qd6 4. Bc4 Nf6 5. Nge2 Bg4 6. f3 Bf5 7. d3 Nc6 8.
Bf4 e5 9. Be3 Qd7 10. O-O Be7 11. Re1 O-O 12. Bf2 a6 13. Ne4 Rad8 14. N2g3 Bg6
15. a3 Rfe8 16. Nxf6+ gxf6 17. Qc1 f5 18. f4 Bf6 19. c3 b5 20. Bb3 e4 21. dxe4
fxe4 22. Bc2 Na5 23. f5 Bxf5 24. Qf4 Bg6 25. Qxf6 e3 26. Bxe3 Bxc2 27. Bd4 1-0

[Event "Barbera del Valles"]
[Site "XXXI Open del Valles"]
[Date "2008.07.13"]
[Round "9"]
[White "Ryan, Joseph"]
[Black "Ipatov, Alexander"]
[Result "0-1"]
[WhiteElo "2331"]
[BlackElo "2433"]
[PlyCount "90"]
[EventDate "2008.07.??"]
[EventType "swiss"]
[EventRounds "9"]
[EventCountry "ESP"]
[SourceDate "2008.07.04"]

1. e4 Nc6 2. d4 d6 3. h3 Nf6 4. Nc3 g6 5. Nf3 Bg7 6. Be3 a6 7. a4 O-O 8. Be2 b6
9. Qd2 Bb7 10. O-O Qd7 11. d5 Nb4 12. Nd4 e6 13. dxe6 fxe6 14. a5 b5 15. Nb3
Nc6 16. Bd3 Ne5 17. Rad1 Rad8 18. Bg5 Nf7 19. Bxf6 Bxf6 20. f4 Qe7 21. Qe3 b4
22. Na2 Bxb2 23. Qa7 Rb8 24. Nxb4 Bxe4 25. Nxa6 Rb7 26. Qe3 Bxd3 27. Qxd3 c5
28. g4 Ra8 29. f5 gxf5 30. gxf5 Be5 31. fxe6 Ng5 32. Kh1 Nxe6 33. Rfe1 Nf4 34.
Qc4+ Kh8 35. Qf1 Rba7 36. Re4 Ng6 37. Naxc5 dxc5 38. Qc4 Qf6 39. Rf1 Qg5 40.
Qxc5 Qg3 41. Re2 Qxh3+ 42. Kg1 Rg7 43. Rg2 Rag8 44. Rff2 Nh4 45. Qxe5 Nf3+ 0-1

[Event "Barbera del Valles"]
[Site "XXXI Open del Valles"]
[Date "2008.07.13"]
[Round "9"]
[White "Mihailovs, Jurijs"]
[Black "Obon Temprano, Sergi"]
[Result "1/2-1/2"]
[WhiteElo "2388"]
[BlackElo "2211"]
[PlyCount "67"]
[EventDate "2008.07.??"]
[EventType "swiss"]
[EventRounds "9"]
[EventCountry "ESP"]
[SourceDate "2008.07.04"]

1. d4 d5 2. c4 e6 3. Nc3 Nf6 4. cxd5 exd5 5. Bg5 Be7 6. e3 a6 7. Bd3 O-O 8. Qc2
Nbd7 9. Nf3 Re8 10. h3 Nf8 11. O-O g6 12. Bh6 Ne6 13. Rae1 Ng7 14. g4 Kh8 15.
Ne5 Rf8 16. f4 Ng8 17. Bxg7+ Kxg7 18. f5 Bd6 19. Nf3 Nh6 20. Re2 gxf5 21. g5
Ng8 22. Bxf5 Ne7 23. Bxc8 Qxc8 24. e4 dxe4 25. Nxe4 Qxh3 26. Ne5 Bxe5 27. dxe5
Nf5 28. Qc3 Qg4+ 29. Kh1 Qh4+ 30. Kg2 Qg4+ 31. Kh1 Qh4+ 32. Kg2 Qg4+ 33. Kf2
Qh4+ 34. Kg2 1/2-1/2

[Event "Barbera del Valles"]
[Site "XXXI Open del Valles"]
[Date "2008.07.13"]
[Round "9"]
[White "Perpinya Rofes, Lluis Maria"]
[Black "Hernandez Casillas, Joan Josep"]
[Result "1-0"]
[WhiteElo "2385"]
[BlackElo "2150"]
[PlyCount "61"]
[EventDate "2008.07.??"]
[EventType "swiss"]
[EventRounds "9"]
[EventCountry "ESP"]
[SourceDate "2008.07.04"]

1. e4 c6 2. d4 d5 3. Nc3 dxe4 4. Nxe4 Bf5 5. Ng3 Bg6 6. h4 h6 7. Nf3 Nd7 8. h5
Bh7 9. Bd3 Bxd3 10. Qxd3 e6 11. Bd2 Ngf6 12. O-O-O Qc7 13. Ne4 Nxe4 14. Qxe4
Nf6 15. Qe2 O-O-O 16. g3 Bd6 17. c4 c5 18. Bc3 Rhe8 19. Ne5 Rf8 20. f4 Ng8 21.
dxc5 Bxc5 22. Ng4 Ne7 23. Bxg7 Rg8 24. Be5 Rxd1+ 25. Rxd1 Qa5 26. Qd3 Nd5 27.
cxd5 Qxa2 28. dxe6 Qxe6 29. Nf6 Rf8 30. Nd7 Rd8 31. Nxc5 1-0

[Event "Barbera del Valles"]
[Site "XXXI Open del Valles"]
[Date "2008.07.13"]
[Round "9"]
[White "Alonso Moyano, Jonathan"]
[Black "Chalmeta Ugas, Ramon"]
[Result "1-0"]
[WhiteElo "2372"]
[BlackElo "2175"]
[PlyCount "65"]
[EventDate "2008.07.??"]
[EventType "swiss"]
[EventRounds "9"]
[EventCountry "ESP"]
[SourceDate "2008.07.04"]

1. e4 c5 2. Nc3 Nc6 3. Bb5 g6 4. Nge2 Bg7 5. O-O d6 6. Bxc6+ bxc6 7. d3 e6 8.
Be3 Rb8 9. Rb1 Ne7 10. Qd2 O-O 11. Bh6 Qc7 12. Bxg7 Kxg7 13. f4 f5 14. b3 Ba6
15. e5 dxe5 16. Na4 Nd5 17. fxe5 Qxe5 18. Nxc5 Bc8 19. d4 Qe3+ 20. Qxe3 Nxe3
21. Rfc1 e5 22. dxe5 Re8 23. Nd4 Rb6 24. e6 Nd5 25. c4 Nc7 26. Re1 Kf6 27. Rbd1
Re7 28. Rd2 h6 29. g4 fxg4 30. Rf2+ Kg7 31. Ref1 Bxe6 32. Ndxe6+ Nxe6 33. Re1
1-0

[Event "Barbera del Valles"]
[Site "XXXI Open del Valles"]
[Date "2008.07.13"]
[Round "9"]
[White "Pellus Ruiz, Josep"]
[Black "Douriet, Alexis"]
[Result "1/2-1/2"]
[WhiteElo "2219"]
[BlackElo "2315"]
[PlyCount "59"]
[EventDate "2008.07.??"]
[EventType "swiss"]
[EventRounds "9"]
[EventCountry "ESP"]
[SourceDate "2008.07.04"]

1. c4 Nf6 2. Nc3 g6 3. g3 Bg7 4. Bg2 O-O 5. e4 d6 6. Nge2 c5 7. O-O Nc6 8. d3
a6 9. h3 Rb8 10. Be3 b5 11. cxb5 axb5 12. d4 cxd4 13. Nxd4 Nxd4 14. Bxd4 e5 15.
Be3 b4 16. Nd5 Nxd5 17. Qxd5 Be6 18. Qd2 b3 19. axb3 Rxb3 20. Rfd1 Qb8 21. Qxd6
Rxb2 22. Qxb8 Rfxb8 23. Rd2 $11 Rxd2 24. Bxd2 h5 25. h4 Rb2 26. Be3 Kh7 27. Ra5
Rb1+ 28. Kh2 Rb2 29. Kg1 Rb1+ 30. Kh2 1/2-1/2

[Event "Barbera del Valles"]
[Site "XXXI Open del Valles"]
[Date "2008.07.13"]
[Round "9"]
[White "Avila Jimenez, Javier"]
[Black "Ravot, Sylvain"]
[Result "0-1"]
[WhiteElo "2286"]
[BlackElo "2236"]
[PlyCount "63"]
[EventDate "2008.07.??"]
[EventType "swiss"]
[EventRounds "9"]
[EventCountry "ESP"]
[SourceDate "2008.07.04"]

1. d4 d5 2. c4 e6 3. cxd5 exd5 4. Nc3 c6 5. Qc2 Ne7 6. f3 Nf5 7. e3 Be7 8. Bd3
g6 9. Nge2 O-O 10. Bd2 a5 11. O-O Bf6 12. g4 Nh4 13. Ng3 Re8 14. h3 h5 15. Kf2
hxg4 16. hxg4 Na6 17. a3 Bxd4 18. exd4 Qf6 19. Nf5 gxf5 20. gxf5 Qxd4+ 21. Kg3
Nc5 22. f4 Nxd3 23. Kxh4 Bxf5 24. Rg1+ Kh7 25. Raf1 Rg8 26. Qd1 Rxg1 27. Rxg1
Qf2+ 28. Kh5 Qh2+ 29. Kg5 Rg8+ 30. Kxf5 Rxg1 31. Qc2 Qh3+ 32. Kf6 0-1

[Event "Barbera del Valles"]
[Site "XXXI Open del Valles"]
[Date "2008.07.13"]
[Round "9"]
[White "Capellades Subirana, Marc"]
[Black "Leroy, Christophe"]
[Result "1-0"]
[WhiteElo "2265"]
[BlackElo "2157"]
[PlyCount "123"]
[EventDate "2008.07.??"]
[EventType "swiss"]
[EventRounds "9"]
[EventCountry "ESP"]
[SourceDate "2008.07.04"]

1. e4 e5 2. Nf3 Nc6 3. Bc4 Nf6 4. d3 Be7 5. c3 O-O 6. Nbd2 d5 7. exd5 Nxd5 8.
Nf1 Nb6 9. Bb3 Bf5 10. Bc2 Qd7 11. Ng3 Bg6 12. O-O Rad8 13. Ne4 Kh8 14. Qe2 f5
15. Ng3 Bf6 16. Bg5 Nd5 17. Bxf6 gxf6 18. Nh4 Nf4 19. Qf3 Qd5 20. Qxd5 Rxd5 21.
Ngxf5 Rfd8 22. d4 exd4 23. Be4 dxc3 24. Bxd5 cxb2 25. Rab1 Rxd5 26. Nxg6+ hxg6
27. Ne3 Rb5 28. Nc4 Rb4 29. Nxb2 Ne2+ 30. Kh1 Nc3 31. Rbc1 Rxb2 32. Rxc3 Rxa2
33. Rb1 Kg7 34. Kg1 Ra6 35. h3 Rb6 36. Rd1 Kf7 37. Rd7+ Ke6 38. Rxc7 g5 39. Rh7
a5 40. h4 gxh4 41. Rxh4 Rb1+ 42. Kh2 Rb2 43. Re3+ Kf5 44. Rf3+ Kg5 45. Rh8 Kg6
46. Rf8 Ne5 47. R3xf6+ Kg7 48. Rf5 Rb5 49. Kg3 Rb3+ 50. f3 Ng6 51. R8f7+ Kg8
52. Rc7 a4 53. Ra5 Nf8 54. Rxa4 Rb6 55. Ra8 Rg6+ 56. Kf2 b6 57. Rb8 Rd6 58.
Rcb7 Rd2+ 59. Kg3 b5 60. Rxb5 Kg7 61. R5b7+ Kg8 62. Ra7 1-0

[Event "Barbera del Valles"]
[Site "XXXI Open del Valles"]
[Date "2008.07.13"]
[Round "9"]
[White "Sanchez Romero, Miguel Angel"]
[Black "Mestre Bellido, Hector"]
[Result "1/2-1/2"]
[WhiteElo "2259"]
[BlackElo "2284"]
[PlyCount "99"]
[EventDate "2008.07.??"]
[EventType "swiss"]
[EventRounds "9"]
[EventCountry "ESP"]
[SourceDate "2008.07.04"]

1. e4 e5 2. Nf3 Nc6 3. Bb5 a6 4. Bxc6 dxc6 5. O-O f6 6. d4 exd4 7. Nxd4 c5 8.
Nb3 Qxd1 9. Rxd1 Bg4 10. f3 Be6 11. Bf4 c4 12. Nd4 O-O-O 13. Nc3 Bc5 14. Be3
Bf7 15. Nf5 Bxe3+ 16. Nxe3 Ne7 17. Rxd8+ Rxd8 18. Rd1 Rxd1+ 19. Ncxd1 b5 20.
Kf2 Kd7 21. g4 Nc6 22. a3 Nd4 23. Nc3 h5 24. Ne2 Ne6 25. gxh5 Bxh5 26. Ng3 Be8
27. Ngf5 c6 28. h4 g6 29. Ng3 Nc5 30. f4 Na4 31. Nd1 a5 32. Ke3 b4 33. axb4
axb4 34. Kd4 Bf7 35. f5 Kd6 36. fxg6 c5+ $11 37. Ke3 Bxg6 38. h5 Bh7 39. Kf4
Ke6 40. Nf5 Bxf5 41. exf5+ Kf7 42. h6 Kg8 43. Kg4 Kh7 44. Kh5 c3 45. bxc3 Nxc3
46. Ne3 Ne4 47. Nd5 Ng3+ 48. Kg4 Ne4 49. Kh5 Ng3+ 50. Kg4 1/2-1/2

[Event "Barbera del Valles"]
[Site "XXXI Open del Valles"]
[Date "2008.07.13"]
[Round "9"]
[White "Lasinskas, Povilas"]
[Black "Losada Cabrera, Francisco Javier"]
[Result "1-0"]
[WhiteElo "2269"]
[BlackElo "2165"]
[PlyCount "43"]
[EventDate "2008.07.??"]
[EventType "swiss"]
[EventRounds "9"]
[EventCountry "ESP"]
[SourceDate "2008.07.04"]

1. d4 c5 2. d5 Nf6 3. c4 b5 4. Nf3 Bb7 5. Qc2 bxc4 6. e4 e6 7. dxe6 fxe6 8. e5
Nd5 9. Bxc4 Be7 10. a3 O-O 11. Bd3 h6 12. Be4 Nc6 13. Bxh6 gxh6 14. Bxd5 exd5
15. Qg6+ Kh8 16. Qxh6+ Kg8 17. Qg6+ Kh8 18. h4 Qe8 19. Qh6+ Kg8 20. Rh3 Rxf3
21. Rxf3 Nxe5 22. Rg3+ 1-0

[Event "Barbera del Valles"]
[Site "XXXI Open del Valles"]
[Date "2008.07.13"]
[Round "9"]
[White "Leks, Hanna"]
[Black "Sadrija, Enver"]
[Result "1-0"]
[WhiteElo "2198"]
[BlackElo "2265"]
[PlyCount "77"]
[EventDate "2008.07.??"]
[EventType "swiss"]
[EventRounds "9"]
[EventCountry "ESP"]
[SourceDate "2008.07.04"]

1. e4 c5 2. Nf3 Nc6 3. d4 cxd4 4. Nxd4 Qb6 5. Nb3 g6 6. Be2 Bg7 7. O-O h5 8. c4
Nf6 9. Nc3 Qc7 10. Be3 Ng4 11. Bxg4 hxg4 12. g3 Ne5 13. Bf4 Qxc4 14. Nd2 Qd3
15. Nd5 Kf8 16. Re1 d6 17. Rc1 Nc6 18. Re3 Qd4 19. Rb3 Bh6 20. Bxh6+ Rxh6 21.
Nc7 Be6 22. Rxb7 Ne5 23. Nxa8 Rxh2 24. Kxh2 Qxf2+ 25. Kh1 Nd3 26. Nf1 Qd4 27.
Qd2 Qxe4+ 28. Qg2 Qxg2+ 29. Kxg2 Bd5+ 30. Kg1 Bxb7 31. Rc7 Bd5 32. Rxa7 Nxb2
33. Nb6 Be6 34. a4 f5 35. a5 g5 36. a6 f4 37. Rc7 f3 38. a7 Nd1 39. a8=Q+ 1-0